Statistiken für Größte Städte in Baden-Württemberg

Klicken Sie hier um das Quiz zu spielen!

Allgemein

  • Dieses Quiz wurde 2.792 mal gespielt
    (2.061 seit der letzten Aktualisierung)
  • Das Durchschnittsergebnis liegt bei 17 aus 24

Antwortstatistiken

EinwohnerAntwort% Korrekt
633.000Stuttgart
100%
312.000Karlsruhe
97%
230.000Freiburg im Breisgau
96%
308.000Mannheim
96%
126.000Ulm
93%
161.000Heidelberg
90%
125.000Heilbronn
82%
84.000Konstanz
82%
124.000Pforzheim
79%
116.000Reutlingen
77%
89.000Tübingen
75%
55.000Baden-Baden
72%
94.000Ludwigsburg
70%
93.000Esslingen
65%
60.000Friedrichshafen
64%
59.000Offenburg
59%
85.000Villingen-Schwenningen
57%
50.000Ravensburg
55%
50.000Böblingen
54%
68.000Aalen
53%
65.000Sindelfingen
49%
57.000Göppingen
47%
61.000Schwäbisch Gmünd
44%
55.000Waiblingen
35%

Verteilung der Resultate

Perzentil nach korrekt beantworteten Fragen

Anzahl Personen mit jedem Resultat

Ihre Resultats-Entwicklung

Sie haben dieses Quiz seit der letzten Aktualisierung nicht gespielt